Missing Word: Dino-Movies Quiz Stats

 Plays Quiz Updated Sep 6, 2014

Support Sporcle.
Go Orange.
Score 0/14 Timer 02:00
0 Plays Today
Movie Missing Word % Correct
_____ KongKing
97.5%
_____ ParkJurassic
94.9%
The Land Before _____Time
94.5%
Super _____ Bros.Mario
92.3%
_____ to the Center of the EarthJourney
92.2%
When Dinosaurs Ruled the _____Earth
91.7%
One _____ Years B.C.Million
82.9%
Movie Missing Word % Correct
The Flintstones in Viva Rock _____Vegas
78.7%
The Land That Time _____Forgot
77.4%
Land of the _____Lost
77.1%
The Lost _____World
73%
The _____ LinkMissing
69.4%
Ice Age: _____ of the DinosaursDawn
59.6%
We're Back! A Dinosaur's _____Story
53.8%

Today's Daily Dose

Word Ladder
New Dimensions!

Quick Pick
'Animal' Fish

Get the Picture
Bird or Food?

You're not logged in!

Compare scores with friends on all Sporcle quizzes.
OR
Log In
Forgot?

From the Vault

Tough Choices: Science Edition

by Purple_Parrot

We can make terrible science puns. But we only do it periodically.
Remove Ads.
Support Sporcle.
Get the best of Sporcle when you Go Orange. This ad-free experience offers more features, more stats, and more fun while also helping to support Sporcle. Thank you for becoming a member.

Show Comments

Extras

Top Quizzes Today


Score Distribution

Your Account Isn't Verified!

In order to create a playlist on Sporcle, you need to verify the email address you used during registration. Go to your Sporcle Settings to finish the process.

Report this User

Report this user for behavior that violates our Community Guidelines.

Details: